000 00559nam a2200241Ia 4500
008 210210b1930 xxu||||| |||| 00| 0 eng d
041 _aeng
082 _a825/693
100 _aRACINE (L)
245 _aLife of milton together with observations on paradise lost
260 _aLondon
_bNot Mentioned
_c1930
650 _awith
650 _atogether
650 _aparadise
650 _aon
650 _aof
650 _aobservations
650 _amilton
650 _alost
650 _aLife
690 _aEnglish Criticism
906 _a015009
999 _c134239
_d134239